Les 63 Pokémon dans Pokémon Snap - Statistiques

Statistiques générales
  • Ce quiz a été pris 83 fois
    70 depuis la dernière actualisation
  • Le résultat moyen est 45 sur 63
Statistiques - réponses
# Réponse % Correct
7 Carapuce
96%
25 Pikachu
96%
6 Dracaufeu
94%
4 Salamèche
94%
5 Reptincel
92%
1 Bulbizarre
91%
151 Mew
91%
12 Papilusion
85%
149 Dracolosse
83%
133 Évoli
83%
11 Chrysacier
81%
16 Roucool
81%
146 Sulfura
81%
144 Artikodin
79%
14 Coconfort
79%
145 Électhor
79%
148 Minidraco
79%
130 Léviator
77%
129 Magicarpe
77%
126 Magmar
77%
39 Rondoudou
75%
27 Sabelette
75%
125 Élektek
74%
37 Goupix
74%
75 Gravalanch
74%
52 Miaouss
74%
74 Racaillou
74%
28 Sablaireau
74%
59 Arcanin
72%
58 Caninos
72%
124 Lippoutou
72%
132 Métamorph
72%
54 Psykokwak
72%
143 Ronflex
72%
101 Électrode
68%
123 Insécateur
68%
81 Magnéti
68%
82 Magnéton
68%
137 Porygon
68%
109 Smogo
68%
120 Stari
68%
50 Taupiqueur
68%
51 Triopikeur
68%
78 Galopa
66%
131 Lokhlass
66%
41 Nosferapti
66%
121 Staross
66%
113 Leveinard
64%
88 Tadmorv
64%
70 Boustiflor
62%
84 Doduo
62%
93 Spectrum
62%
71 Empiflor
60%
89 Grotadmorv
60%
115 Kangourex
58%
60 Ptitard
58%
56 Férosinge
57%
90 Kokiyas
57%
118 Poissirène
57%
45 Rafflesia
57%
79 Ramoloss
57%
91 Crustabri
55%
80 Flagadoss
55%
Aucun quiz correspondant
Distribution des résultats
% des personnes avec chaque résultat
Percentile par nombre de réponses
Votre historique - résultats
Vous n’avez pas pris ce quiz depuis la dernière actualisation